000 00591nam a2200193Ia 4500
003 IN-BaIIA
008 211028s9999 xx 000 0 eng d
040 _cIIA Library
080 _a524.3-5
_bCOX-2
100 _aCox, J. P.
_95760
245 0 _aPrinciples of stellar structure
_bvol. 2, applications to stars
_cJ. P. Cox
260 _aNew York
_bGordon and Breach Science
_c1968
300 _axliv, 569-1327p.
650 _aAstronomy and astrophysics thesaurus
650 _aStellar atmospheres
_91135
650 _aStellar structure
650 _aSteller interiors
_94077
942 _cBK
999 _c3241
_d3241